[Event "It (open)"]
[Site "masterchessopen.com Isle of Man (Great Britain)"]
[Round "6"]
[White "Pliester Leon (NED)"]
[Black "Gibeon David (ENG)"]
[Result "1-0"]
[WhiteElo "2375"]
[BlackElo "2145"]

1.d4 Nf6 2.c4 e6 3.Nc3 Bb4 4.e3 b6 5.Ne2 Ba6 6.a3 Bxc3+ 7.Nxc3 d5 8.b3 O-O
9.Be2 Nc6 10.a4 Na5 11.Ba3 Re8 12.O-O Rc8 13.Nb5 Ne4 14.f3 Bxb5 15.fxe4 Ba6
16.e5 c5 17.dxc5 dxc4 18.b4 Nb3 19.b5 Qg5 20.Bxc4 Qxe3+ 21.Kh1 Nxa1 22.Qxa1
Qe4 23.Qc1 Bb7 24.c6 Bxc6 25.bxc6 Rxc6 26.Qf4 Qxf4 27.Rxf4 Rec8 28.Ba6 Rd8
29.Bd6 f6 30.h3 Rcxd6 31.exd6 Rxd6 32.Rc4 Rd7 33.Bb5 Re7 34.Kg1 Kf7 35.Kf2 f5
36.Ke3 Kf6 37.Kd4 g5 38.Rc8 e5+ 39.Kd5 e4 40.Rf8+ Kg6 41.Kd6 a6 42.Kxe7 axb5
43.Rf6+ Kh5 44.axb5 f4 45.Rxb6 Kh4 46.Re6 e3 47.b6 Kg3 {#r} 1-0

[Event "It (open)"]
[Site "masterchessopen.com Lomas de Zamora (Argentina)"]
[Round "7"]
[White "Saldano Horacio (ESP)"]
[Black "Rodriguez Andres (URU)"]
[Result "0-1"]
[WhiteElo "2320"]
[BlackElo "2490"]

1.d4 e6 2.c4 Nf6 3.Nc3 Bb4 4.e3 b6 5.Ne2 Ba6 6.Ng3 O-O 7.e4 d6 8.Bd2 c5 9.d5
exd5 10.cxd5 Bxf1 11.Kxf1 Re8 12.f3 Nbd7 13.a3 Bxc3 14.Bxc3 b5 15.Kf2 a5
16.Re1 b4 17.axb4 axb4 18.Rxa8 Qxa8 19.Bxf6 Nxf6 20.Qd2 Qd8 21.Kg1 Nd7 22.f4
Qf6 23.h3 g6 24.Rf1 Qg7 25.Re1 h5 26.Nh1 Ra8 27.Nf2 Ra2 28.Re2 h4 29.Ng4 Ra1+
30.Kh2 f5 31.Nf2 Ne5 32.Qe3 Nc4 33.Qf3 Qd4 34.exf5 gxf5 35.Re8+ Kg7 36.g3 Nd2
37.Qe2 Nf1+ 38.Kg2 Qxd5+ 39.Ne4 Nxg3 {#R} 0-1

[Event "It (open)"]
[Site "masterchessopen.com London (England)"]
[Round "0"]
[White "Winterfeld Dirk (GER)"]
[Black "McMahon Daire (IRL)"]
[Result "0-1"]
[WhiteElo "2100"]
[BlackElo "2240"]

1.d4 Nf6 2.c4 e6 3.Nc3 Bb4 4.e3 b6 5.Ne2 Ba6 6.Ng3 O-O 7.e4 d5 8.cxd5 Bxf1
9.Kxf1 exd5 10.e5 Ne8 11.Qg4 Kh8 12.h4 c5 13.h5 Nc6 14.h6 g6 15.Be3 cxd4
16.Bxd4 Nxd4 17.Qxd4 Bc5 18.Qd3 Nc7 19.a3 a5 20.Nge2 f6 21.exf6 Qxf6 22.f3
Rae8 23.Rh3 Re3 24.Qc2 Rfe8 25.Re1 d4 {#R} 0-1

[Event "Ch Netherlands (team)"]
[Site "masterchessopen.com Netherlands"]
[Round "0"]
[White "Janssen C (NED)"]
[Black "Tjiam Dharma (NED)"]
[Result "0-1"]
[WhiteElo "2236"]
[BlackElo "2330"]

1.d4 Nf6 2.c4 e6 3.Nc3 Bb4 4.e3 b6 5.Ne2 Ba6 6.Qa4 c5 7.g3 Bxc3+ 8.Nxc3 O-O
9.dxc5 bxc5 10.Be2 d5 11.O-O Qd6 12.b4 Bxc4 13.Bxc4 dxc4 14.Qd1 Qc7 15.b5 Nbd7
16.f4 Rad8 17.Qc2 Nb6 18.a4 Rd3 19.a5 Nbd5 20.Nxd5 exd5 21.Rd1 Rxd1+ 22.Qxd1
Qd7 23.b6 axb6 24.a6 Ra8 25.Bb2 Ne4 26.Qc2 f6 27.Qa4 Qxa4 28.Rxa4 b5 29.Ra5 b4
30.a7 c3 31.Bc1 b3 32.Rb5 Rxa7 {#R} 0-1

[Event "It (cat.13)"]
[Site "masterchessopen.com Pamplona (Spain)"]
[Round "0"]
[White "Rivas Pastor Manuel (ESP)"]
[Black "Franco Ocampos Zenon (PAR)"]
[Result "0-1"]
[WhiteElo "2485"]
[BlackElo "2480"]

1.d4 Nf6 2.c4 e6 3.Nc3 Bb4 4.e3 b6 5.Ne2 Ba6 6.a3 Bxc3+ 7.Nxc3 d5 8.b3 O-O
9.a4 Nc6 10.Be2 dxc4 11.bxc4 Na5 12.Nb5 c6 13.Na3 c5 14.Bd2 Nc6 15.dxc5 bxc5
16.O-O Qe7 17.Bf3 Bb7 18.a5 Nb4 19.Bxb7 Qxb7 20.Qa4 Ne4 21.Rfd1 Nxd2 22.Rxd2
Rad8 23.Rad1 Rxd2 24.Rxd2 a6 25.Qd7 Qe4 26.Qd6 Qf5 27.Rd1 h5 28.h3 g6 29.h4
Kg7 30.e4 Qxe4 31.Qxc5 Rb8 32.Qc7 Nc6 33.Qg3 e5 34.Kh2 Rb2 35.Rd6 Nd4 36.Rd5
Rd2 {#R} 0-1

[Event "It \"]
[Site "masterchessopen.com Philadelphia (USA)"]
[Round "2"]
[White "De Fotis Gary (USA)"]
[Black "Burnett Ronald (USA)"]
[Result "0-1"]
[WhiteElo "2325"]
[BlackElo "2370"]

1.d4 Nf6 2.c4 e6 3.Nc3 Bb4 4.e3 b6 5.Ne2 Ba6 6.a3 Bxc3+ 7.Nxc3 d5 8.b3 Nc6
9.a4 O-O 10.Be2 Na5 11.Nb5 c6 12.Na3 Re8 13.Bb2 Qe7 14.Bc3 Ne4 15.Qc2 Nxc3
16.Qxc3 e5 17.dxe5 Qxe5 18.Qxe5 Rxe5 19.cxd5 Bxe2 20.Kxe2 Rxd5 21.b4 Nb7
22.Rhd1 Rad8 23.Rxd5 Rxd5 24.Nc2 c5 25.bxc5 Rxc5 26.Nd4 Rc4 27.Kd2 Nc5 28.a5
Rxd4+ 29.exd4 Nb3+ 30.Kc3 Nxa1 31.axb6 axb6 32.Kb2 Kf8 33.Kxa1 Ke7 34.Kb2 Kd6
35.Kc3 Kd5 36.Kb4 Kxd4 37.Kb5 Kd3 38.Kxb6 Ke2 39.f4 Kf2 {#R} 0-1

[Event "It (open)"]
[Site "masterchessopen.com Tampere (Finland)"]
[Round "0"]
[White "Paasikangas-T Johanna (FIN)"]
[Black "Tomcsanyi Peter (HUN)"]
[Result "1-0"]
[WhiteElo "2280"]
[BlackElo "2267"]

1.d4 e6 2.c4 Nf6 3.Nc3 Bb4 4.e3 b6 5.Ne2 Ba6 6.a3 Bxc3+ 7.Nxc3 d5 8.Qf3 c6
9.b3 O-O 10.Be2 Nbd7 11.O-O Rc8 12.e4 e5 13.dxe5 Nxe5 14.Qg3 Ng6 15.e5 Nd7
16.f4 f6 17.e6 Nc5 18.f5 Nxb3 19.fxg6 Nxa1 20.gxh7+ Kh8 21.Bf4 Nc2 22.Bd6 Re8
23.cxd5 Bxe2 24.Nxe2 cxd5 25.Nf4 g5 26.Ng6+ Kg7 27.e7 Qd7 28.Nf8 Nd4 29.Qd3
Ne2+ 30.Kh1 Nf4 31.h8=Q+ {#r} 1-0

[Event "It (open)"]
[Site "masterchessopen.com Baden (Germany)"]
[Round "0"]
[White "Wildi Marcel (SUI)"]
[Black "Florea Dan (GER)"]
[Result "1-0"]
[WhiteElo "2285"]
[BlackElo "2304"]

1.d4 e6 2.c4 Nf6 3.Nc3 Bb4 4.e3 b6 5.Ne2 Ba6 6.Qa4 c5 7.a3 Bxc3+ 8.Nxc3 O-O
9.d5 exd5 10.cxd5 Bxf1 11.Rxf1 a6 12.f3 d6 13.e4 Nbd7 14.Bf4 b5 15.Qc2 Qe7
16.Kf2 c4 17.Kg1 Nc5 18.Ne2 Nd3 19.Bg3 Qa7+ 20.Kh1 Qc5 21.Nc1 Nxc1 22.Rfxc1
Rac8 23.Qd2 Nd7 24.Qa5 f5 25.exf5 Rxf5 26.Qe1 Qxd5 27.Rd1 Qf7 28.Rxd6 Nc5
29.Rad1 Nd3 30.Qa5 Rxf3 31.Rd8+ Qf8 32.Rxf8+ Rfxf8 33.Qc3 Rcd8 34.Qc2 g6 35.h3
Rf5 36.Kh2 Rdf8 37.Rxd3 cxd3 38.Qxd3 Rc8 39.Qd6 Rc2 40.Qb8+ Rf8 {#r} 1-0

[Event "Ch Berlin (team) 1995/96"]
[Site "masterchessopen.com Berlin (Germany)"]
[Round "0"]
[White "Hartmann Wolfgang Wandrey"]
[Black "Schoeffler Helmut (GER)"]
[Result "0-1"]
[WhiteElo "2035"]
[BlackElo "2062"]

1.d4 Nf6 2.c4 e6 3.Nc3 Bb4 4.e3 b6 5.Ne2 Ba6 6.a3 Be7 7.Nf4 d5 8.Qa4+ c6
9.cxd5 b5 10.Qc2 exd5 11.Be2 O-O 12.O-O Bd6 13.Nd3 Bc8 14.Ne5 Nfd7 15.f4 f6
16.Nf3 Re8 17.e4 dxe4 18.Nxe4 Bc7 19.Neg5 fxg5 20.Nxg5 Nf6 21.Qb3+ Qd5
22.Qxd5+ Nxd5 23.Bf3 h6 24.Ne4 {#R} 0-1

[Event "It (open) \"]
[Site "masterchessopen.com Berlin (Germany)"]
[Round "0"]
[White "Sanchez Guirado Francisco (ESP)"]
[Black "Eismont Oleg (RUS)"]
[Result "0-1"]
[WhiteElo "2360"]
[BlackElo "2455"]

1.d4 Nf6 2.c4 e6 3.Nc3 Bb4 4.e3 b6 5.Ne2 Ba6 6.a3 Bxc3+ 7.Nxc3 d5 8.Qa4+ c6
9.cxd5 Bxf1 10.Kxf1 exd5 11.f3 O-O 12.Kf2 Re8 13.Re1 c5 14.Ne2 Qd6 15.Kg1 Nc6
16.Bd2 Nd7 17.Rad1 c4 18.Ng3 b5 19.Qc2 a5 20.Nf5 Qg6 21.e4 Nb6 22.Bf4 Re6
23.Bc7 Ne7 24.Bxb6 Nxf5 25.exf5 Rxe1+ 26.Rxe1 Qxb6 27.Qf2 b4 28.Qe3 Qc6
29.axb4 axb4 30.f4 {#R} 0-1

[Event "It (open)"]
[Site "masterchessopen.com Cannes (France)"]
[Round "9"]
[White "Zaja Ivan (CRO)"]
[Black "Barlov Dragan (SRB)"]
[Result "0-1"]
[WhiteElo "2435"]
[BlackElo "2455"]

1.d4 Nf6 2.c4 e6 3.Nc3 Bb4 4.e3 b6 5.Ne2 Ba6 6.a3 Bxc3+ 7.Nxc3 d5 8.Qf3 c6
9.b3 O-O 10.Bb2 Nbd7 11.O-O-O b5 12.c5 b4 13.Bxa6 Qa5 14.axb4 Qxa6 15.Qe2 Qb7
16.b5 Rfb8 17.bxc6 Qxc6 18.Qc2 Rb7 19.Na4 Rc8 20.f3 Qb5 21.Rd3 Nb8 22.Rc3 Nc6
23.Qd3 Qa5 24.Ba3 Rcb8 25.Rd1 Ne8 26.Qd2 Nc7 27.Rd3 Qa6 28.Qa2 Na5 29.Bb2 Rxb3
30.Rxb3 Nxb3+ 31.Kb1 Na5 32.Nc3 Nc4 {#R} 0-1

[Event "It (open)"]
[Site "masterchessopen.com Cappelle la Grande (France)"]
[Round "8"]
[White "Kaminik Aleksandar (ISR)"]
[Black "Lukov Valentin (BUL)"]
[Result "1-0"]
[WhiteElo "2280"]
[BlackElo "2480"]

1.d4 Nf6 2.c4 e6 3.Nc3 Bb4 4.e3 b6 5.Ne2 Ba6 6.Ng3 d5 7.Qa4+ b5 8.Qxb4 bxc4
9.b3 c5 10.Qxc5 Nbd7 11.Qa3 Qc8 12.Bd2 Nb6 13.e4 Bb7 {#r} 1-0

[Event "Ch Denmark (team) 1996/97"]
[Site "masterchessopen.com Denmark"]
[Round "2"]
[White "Bekker-Jensen David (DEN)"]
[Black "Holst Allan (DEN)"]
[Result "1-0"]
[WhiteElo "2190"]
[BlackElo "2310"]

1.d4 Nf6 2.c4 e6 3.Nc3 Bb4 4.e3 b6 5.Ne2 Ba6 6.a3 Bxc3+ 7.Nxc3 d5 8.b4 O-O
9.b5 Bb7 10.f3 a6 11.Kf2 c5 12.bxc6 Nxc6 13.cxd5 Nxd5 14.Nxd5 Qxd5 15.Bb2 Rac8
16.Bd3 Na5 17.e4 Qh5 18.a4 f5 19.exf5 exf5 20.Re1 Qxh2 21.Re5 Be4 22.Bxe4 fxe4
23.Rxe4 Nc4 24.Rb1 Rf6 25.Qe2 Nd6 26.Re6 Rf7 27.Ba3 Qh4+ 28.Kg1 Qxd4+ 29.Kf1
Nf5 30.Re8+ Rf8 31.Qe6+ Kh8 32.Rxc8 Qd3+ 33.Kf2 Qd4+ 34.Kf1 Qd3+ 35.Kf2 Qd4+
36.Ke2 Ng3+ 37.Ke1 Qg1+ 38.Kd2 Qd4+ 39.Ke1 Qg1+ 40.Kd2 Qd4+ 41.Kc2 Qf2+ 42.Kb3
{#r} 1-0

[Event "It (open)"]
[Site "masterchessopen.com Espoo (Finland)"]
[Round "7"]
[White "Hurme Harri M (FIN)"]
[Black "Norri Joose (FIN)"]
[Result "0-1"]
[WhiteElo "2258"]
[BlackElo "2385"]

1.d4 Nf6 2.c4 e6 3.Nc3 Bb4 4.e3 b6 5.Ne2 Ba6 6.a3 Be7 7.Nf4 d5 8.cxd5 Bxf1
9.Kxf1 exd5 10.b3 O-O 11.g4 c6 12.f3 Bd6 13.Nd3 Re8 14.Ra2 Na6 15.Rc2 Rc8
16.Kg2 Nc5 17.Ne2 Ne6 18.Ng3 c5 19.Nf5 Bf8 20.Ne5 g6 21.Ng3 Bg7 22.h4 Nd7
23.Nxd7 Qxd7 24.dxc5 bxc5 25.Qd3 Qb7 26.h5 Red8 27.Ne2 Ng5 28.Ng3 c4 29.bxc4
dxc4 30.Qe2 c3 31.hxg6 hxg6 32.Rd1 Qb3 33.e4 Ne6 34.Be3 Rxd1 35.Qxd1 Qxa3
36.Ne2 a5 37.f4 Qa4 38.Kf3 Rd8 39.Qc1 Rd3 40.e5 Nd4+ 41.Nxd4 Qxd4 42.Ke2 Qc4
43.Kf2 Bf8 44.e6 fxe6 45.f5 Bc5 46.Bxc5 Qxc5+ 47.Ke2 Qc4 48.Qg5 Rd2+ 49.Kf3
Qe2+ 50.Kf4 e5+ {#R} 0-1

[Event "Ch France (team) (juniors) (under 18)"]
[Site "masterchessopen.com France"]
[Round "0"]
[White "Holcman Jeremy (FRA)"]
[Black "Gaston Serge (FRA)"]
[Result "0-1"]
[WhiteElo "2090"]
[BlackElo "2236"]

1.d4 Nf6 2.c4 e6 3.Nc3 Bb4 4.e3 b6 5.Ne2 Ba6 6.a3 Be7 7.Ng3 c5 8.Be2 O-O 9.Bf3
Nc6 10.d5 exd5 11.cxd5 Ne5 12.Be2 Bxe2 13.Qxe2 c4 14.O-O Re8 15.Rd1 Bf8 16.f4
Nd3 17.b3 Nxf4 18.Qxc4 Ng6 19.Nce4 Nxe4 20.Nxe4 Qh4 21.Ng3 Qxc4 22.bxc4 Rac8
23.Rd3 Rxc4 24.Bb2 Rc2 25.Bd4 Nh4 26.Rc3 Rxc3 27.Bxc3 Rxe3 28.Bb4 Rd3 29.Re1
Rxd5 30.Re8 Ng6 31.Ra8 a5 32.Bxf8 Nxf8 33.Ra6 Rb5 34.Kf2 f6 35.Ne4 Rb2+ 36.Kf3
Ng6 37.Ke3 Kf7 38.g3 Ne5 39.h4 Ke6 40.Nc5+ Kd6 41.Nb7+ Kc7 {#R} 0-1

[Event "It \"]
[Site "masterchessopen.com Jyvaskyla (Finland)"]
[Round "2"]
[White "Meskanen Vesa (FIN)"]
[Black "Tolonen Leo (FIN)"]
[Result "0-1"]
[WhiteElo "2065"]
[BlackElo "2345"]

1.d4 Nf6 2.c4 e6 3.Nc3 Bb4 4.e3 b6 5.Ne2 Ba6 6.a3 Bxc3+ 7.Nxc3 d5 8.b3 O-O
9.Be2 Nc6 10.O-O Na5 11.cxd5 Bxe2 12.Nxe2 exd5 13.Bd2 Nb7 14.Qc2 c5 15.dxc5
bxc5 16.Rfd1 Qb6 17.Bc3 Rfd8 18.Qb2 Na5 19.Nf4 d4 20.Bxa5 Qxa5 21.exd4 cxd4
22.Rxd4 Rxd4 23.Qxd4 Rd8 24.Qc4 g6 25.g3 Rd2 26.b4 Qe5 27.Rf1 Kg7 28.Ng2 Qb2
29.Qf4 Nd5 30.Qf3 Qc3 31.Qxc3+ Nxc3 32.Ra1 Ne4 33.f3 Ng5 34.f4 Nf3+ 35.Kh1 Rb2
36.h3 h5 37.Rf1 Rb3 38.Ra1 f5 39.Ne1 Nd2 40.Rd1 Ne4 41.Rd7+ Kf6 {#R} 0-1

[Event "It (open)"]
[Site "masterchessopen.com La Coruna (Spain)"]
[Round "4"]
[White "Bernal Moro Luis Javier (ESP)"]
[Black "Garcia Carbo Marcial (ESP)"]
[Result "0-1"]
[WhiteElo "2455"]
[BlackElo "2295"]

1.d4 Nf6 2.c4 e6 3.Nc3 Bb4 4.e3 b6 5.Ne2 Ba6 6.a3 Bxc3+ 7.Nxc3 d5 8.Qf3 O-O
9.g4 c6 10.b3 Ne8 11.a4 Nd6 12.Ba3 Re8 13.Qg3 Nb7 14.cxd5 exd5 15.Nb5 cxb5
16.axb5 Na5 17.bxa6 Nxb3 18.Rd1 Qc8 19.Bb5 Qc3+ 20.Kf1 Re6 21.Rd3 Nd2+ 22.Kg2
Qa5 23.Rc1 Qxb5 24.Rxd2 Nxa6 25.Rdc2 Qd7 26.h3 Rae8 27.Qf4 Rf6 28.Qg3 Rg6
29.Qf3 h5 30.Kg3 hxg4 31.hxg4 f5 32.Qh1 f4+ 33.Kg2 Qxg4+ 34.Kf1 Qf5 35.Qf3
Qd3+ 36.Re2 {#R} 0-1

[Event "It (open)"]
[Site "masterchessopen.com La Coruna (Spain)"]
[Round "4"]
[White "Giorgadze Giorgi (GEO)"]
[Black "Rodriguez Lopez Rafael (ESP)"]
[Result "1-0"]
[WhiteElo "2580"]
[BlackElo "2410"]

1.d4 Nf6 2.c4 e6 3.Nc3 Bb4 4.e3 b6 5.Ne2 Ba6 6.Ng3 Nc6 7.Bd2 O-O 8.Qa4 Bb7
9.Be2 d5 10.cxd5 Nxd5 11.O-O Nxc3 12.bxc3 Be7 13.c4 Nb8 14.Bc3 c5 15.d5 Bf6
16.Bxf6 Qxf6 17.Rad1 Rd8 18.dxe6 fxe6 19.Rxd8+ Qxd8 20.Rd1 Qe7 21.Bf3 Bxf3
22.gxf3 a6 23.Ne4 Ra7 24.Rd6 Rb7 25.f4 h6 26.Qb3 Nd7 27.Qd1 Nf8 28.Qa4 b5
29.Qxa6 bxc4 30.Rd1 Rb4 31.Rc1 Qh4 32.a3 Qg4+ 33.Ng3 Rb2 34.Qxc4 Qf3 35.Rf1
Qd5 36.Qxd5 exd5 37.Rd1 d4 38.exd4 c4 39.f5 c3 40.Rc1 Rb3 41.Ne4 Rxa3 42.Rxc3
Ra4 43.Rd3 Nd7 44.Kg2 Ra5 45.d5 Nc5 46.Nxc5 Rxc5 47.d6 {#r} 1-0

[Event "It (open)"]
[Site "masterchessopen.com Linares (Spain)"]
[Round "2"]
[White "Ortega Lexy (ITA)"]
[Black "Akopian Vladimir (ARM)"]
[Result "0-1"]
[WhiteElo "2495"]
[BlackElo "2630"]

1.d4 Nf6 2.c4 e6 3.Nc3 Bb4 4.e3 b6 5.Ne2 Ba6 6.a3 Bxc3+ 7.Nxc3 d5 8.g4 Bxc4
9.Bxc4 dxc4 10.e4 c5 11.d5 exd5 12.e5 Ne4 13.Nxd5 Nc6 14.O-O Nd4 15.Ne3 h5
16.Nf5 c3 17.Qd3 Nd2 18.Nd6+ Kf8 19.Bxd2 cxd2 20.f3 Qg5 21.Qe4 Rd8 22.Rad1 Kg8
23.Rf2 hxg4 24.fxg4 Rh4 25.h3 Rxh3 26.Nxf7 Rg3+ 27.Kf1 Qh4 28.Rdxd2 Qh3+
29.Rg2 Rxg2 30.Rxg2 Kxf7 31.Qf4+ Kg8 {#R} 0-1

[Event "Ch Scotland"]
[Site "masterchessopen.com Oban (Scotland)"]
[Round "5"]
[White "Dearing Eddie (SCO)"]
[Black "Pritchett Craig W (SCO)"]
[Result "0-1"]
[WhiteElo "2185"]
[BlackElo "2325"]

1.d4 Nf6 2.c4 e6 3.Nc3 Bb4 4.e3 b6 5.Ne2 Ba6 6.Ng3 Bxc3+ 7.bxc3 d5 8.Ba3 Bxc4
9.Bxc4 dxc4 10.O-O Qd7 11.e4 Qb5 12.Rb1 Qa6 13.Bb4 Nbd7 14.a4 c5 15.Ba3 O-O
16.f4 Rad8 17.f5 e5 18.d5 Rb8 19.Bc1 b5 20.Bg5 bxa4 21.Ra1 Rb3 22.Nh5 Nxh5
23.Qxh5 f6 24.Bd2 Rfb8 25.Rf3 Rb1+ 26.Rxb1 Rxb1+ 27.Kf2 Nf8 28.Rg3 Qb7 29.Qe2
Rb2 30.Ke3 a3 31.Qxc4 a2 32.d6+ Qf7 33.Qa4 Rb1 34.d7 Nxd7 35.Rxg7+ Kxg7 {#R}
0-1

[Event "Zt"]
[Site "masterchessopen.com Santiago (Chile)"]
[Round "0"]
[White "Navarro Nelson (CHI)"]
[Black "Valiente Cristobal (PAR)"]
[Result "1-0"]
[WhiteElo "2450"]
[BlackElo "2390"]

1.d4 e6 2.c4 Nf6 3.Nc3 Bb4 4.e3 b6 5.Ne2 Ba6 6.a3 Bxc3+ 7.Nxc3 d5 8.b3 O-O
9.Be2 Nc6 10.a4 Re8 11.Bb2 Na5 12.Nb5 c6 13.Na3 Qe7 14.Bc3 Ne4 15.Qc2 Nxc3
16.Qxc3 e5 17.dxe5 dxc4 18.b4 b5 19.axb5 cxb5 20.Nc2 Nb3 21.Rxa6 Qb7 22.Rd6
Qxg2 23.Rf1 a5 24.Rd1 axb4 25.Nxb4 Nc5 26.Qd4 Rac8 27.Nd5 Kh8 28.Nb6 Nb3
29.Qd7 Rb8 30.Qxb5 Red8 31.Rd6 Qe4 32.Qd5 Qb1+ 33.Bd1 Rxd6 34.Qxd6 Re8 35.Nxc4
Qc1 36.Qd3 Rb8 37.Rg1 Nc5 38.Qe2 Qa1 39.Rg4 Ne6 40.f4 Qa8 41.Kf2 Rc8 42.f5 Qh1
43.fxe6 Qxh2+ 44.Ke1 Qh1+ 45.Kd2 Qd5+ 46.Rd4 {#r} 1-0

[Event "It (open)"]
[Site "masterchessopen.com Veszprem (Hungary)"]
[Round "9"]
[White "Kovacs Elod (HUN)"]
[Black "Eismont Oleg (RUS)"]
[Result "0-1"]
[WhiteElo "2236"]
[BlackElo "2455"]

1.d4 Nf6 2.c4 e6 3.Nc3 Bb4 4.e3 b6 5.Ne2 Ba6 6.a3 Bxc3+ 7.Nxc3 d5 8.b3 O-O
9.Be2 Nc6 10.a4 Qd7 11.Bb2 dxc4 12.bxc4 Na5 13.Nb5 c6 14.Na3 Rfd8 15.O-O c5
16.Qc2 cxd4 17.exd4 Rac8 18.f3 Nd5 19.Rfe1 Ne3 20.Qd2 Nexc4 21.Bxc4 Bxc4
22.Qb4 Ba6 23.Nb5 Nc6 24.Qc3 Ne7 25.Qb3 h6 26.Kf2 Nf5 27.Red1 Bxb5 28.axb5 Nd6
29.d5 Qxb5 {#R} 0-1

[Event "It (open)"]
[Site "masterchessopen.com Veszprem (Hungary)"]
[Round "6"]
[White "Szelenyi Norbert (HUN)"]
[Black "Eismont Oleg (RUS)"]
[Result "0-1"]
[WhiteElo "2340"]
[BlackElo "2455"]

1.d4 Nf6 2.c4 e6 3.Nc3 Bb4 4.e3 b6 5.Ne2 Ba6 6.Ng3 Bxc3+ 7.bxc3 d5 8.Qf3 Qd7
9.cxd5 Qxd5 10.e4 Qa5 11.Bxa6 Qxa6 12.Bh6 gxh6 13.Qxf6 Rg8 14.Qxh6 Nd7 15.Qxh7
O-O-O 16.Qxf7 Rgf8 17.Qh5 Nc5 18.dxc5 Qd3 19.Rd1 Qxc3+ 20.Kf1 Qc2 21.Rxd8+
Rxd8 22.Kg1 Rd1+ 23.Nf1 Qd3 24.Qxd1 Qxd1 25.c6 Kd8 26.h4 Ke7 27.h5 Kf7 28.h6
Kg8 29.h7+ Kh8 30.Rh4 Qc1 31.g3 b5 32.Kg2 a5 33.Ne3 Qxc6 34.f3 b4 35.Ng4 Qc2+
36.Kh3 Qc3 37.Kg2 Qb2+ 38.Kh3 Qa1 39.Kg2 Qxa2+ 40.Kh3 Qa1 41.Kg2 b3 42.f4 Qb2+
43.Kf3 Qc3+ {#R} 0-1

[Event "It (open)"]
[Site "masterchessopen.com Yerevan (Armenia)"]
[Round "7"]
[White "Arubjanian Ervand (ARM)"]
[Black "Lomineishvili Maia (GEO)"]
[Result "1-0"]
[WhiteElo "2216"]
[BlackElo "2320"]

1.d4 Nf6 2.c4 e6 3.Nc3 Bb4 4.e3 b6 5.Ne2 Ba6 6.a3 Bxc3+ 7.Nxc3 d5 8.b3 Nc6
9.Be2 O-O 10.cxd5 Bxe2 11.Qxe2 exd5 12.O-O Re8 13.Qc2 a5 14.Bb2 Qd7 15.Rac1
Ne7 16.a4 Rac8 17.Ne2 Nf5 18.Nf4 c6 19.Nd3 Qe6 20.Nf4 Qd7 21.Qd3 Ng4 22.h3 Nf6
23.Rc2 Ne4 24.Rfc1 g5 25.Nh5 Re6 26.Qe2 Rce8 27.Rf1 Rh6 28.Qg4 Qe6 29.Rfc1 Qg6
30.Rxc6 Nfd6 31.Ng3 f5 32.Qf3 g4 33.Qf4 gxh3 34.Ba3 Kh8 35.Bxd6 Nxd6 36.gxh3
Qf6 37.Kh2 Re6 38.Rxd6 Rxd6 39.Rc8+ Kg7 40.Nxf5+ Kg6 41.Rg8+ Kf7 42.Nxh6+ {#r}
1-0

[Event "It (cat.9)"]
[Site "masterchessopen.com Alushta (Ukraine)"]
[Round "7"]
[White "Moskalenko Viktor (UKR)"]
[Black "Eismont Oleg (RUS)"]
[Result "0-1"]
[WhiteElo "2505"]
[BlackElo "2455"]

1.d4 Nf6 2.c4 e6 3.Nc3 Bb4 4.e3 b6 5.Ne2 Ba6 6.a3 Bxc3+ 7.Nxc3 d5 8.b3 O-O
9.Bb2 dxc4 10.Bxc4 Bxc4 11.bxc4 Nc6 12.O-O {#R} 0-1

[Event "It (open)"]
[Site "masterchessopen.com Badalona (Spain)"]
[Round "0"]
[White "Jose Abril Ramon (ESP)"]
[Black "Klarenbeek Hans (NED)"]
[Result "0-1"]
[WhiteElo "2390"]
[BlackElo "2425"]

1.d4 Nf6 2.c4 e6 3.Nc3 Bb4 4.e3 b6 5.Ne2 Ba6 6.a3 Be7 7.Nf4 d5 8.cxd5 Bxf1
9.Kxf1 Nxd5 10.Qf3 c6 11.g3 Nd7 12.Kg2 O-O 13.Bd2 Nxf4+ 14.gxf4 c5 15.dxc5
Nxc5 16.Rad1 Qe8 17.Ne4 Na4 18.b3 Nb2 19.Rb1 Nd3 20.a4 Rd8 21.Bc3 f5 22.Nd2
Bf6 23.Bxf6 Rxf6 24.Nc4 Rg6+ 25.Kf1 e5 26.fxe5 Nxe5 27.Nxe5 Qxe5 28.Ke2 Rgd6
29.Rhd1 g6 30.Qg3 Qxg3 31.hxg3 Rxd1 32.Rxd1 Rxd1 33.Kxd1 Kf7 34.Kd2 Ke6 35.Kd3
Kd5 36.b4 g5 37.f4 gxf4 38.exf4 a6 39.Kc3 Ke4 40.Kc4 h5 41.a5 bxa5 42.bxa5 Kf3
{#R} 0-1

[Event "It (open)"]
[Site "masterchessopen.com Biel (Switzerland)"]
[Round "2"]
[White "Arbakov Valentin (RUS)"]
[Black "Huss Andreas (SUI)"]
[Result "1-0"]
[WhiteElo "2475"]
[BlackElo "2325"]

1.c4 e6 2.d4 Nf6 3.Nc3 Bb4 4.e3 b6 5.Ne2 Ba6 6.a3 Bxc3+ 7.Nxc3 d5 8.b3 O-O
9.Bd3 dxc4 10.bxc4 c5 11.Bb2 Nc6 12.Nb5 cxd4 13.exd4 Kh8 14.O-O Bxb5 15.cxb5
Nxd4 16.Bxh7 e5 17.Bd3 Qd5 18.Re1 Rad8 19.Bf1 Rd7 20.Qd3 Kg8 21.a4 Rfd8
22.Rac1 e4 23.Qa3 Qg5 24.Qg3 Qd2 25.Bc3 Qa2 26.Ra1 Qb3 27.a5 {#r} 1-0

[Event "It (cat.7)"]
[Site "masterchessopen.com Budapest (Hungary)"]
[Round "10"]
[White "Shaked Tal (USA)"]
[Black "Bunzmann Dimitrij (GER)"]
[Result "1-0"]
[WhiteElo "2500"]
[BlackElo "2370"]

1.d4 Nf6 2.c4 e6 3.Nc3 Bb4 4.e3 b6 5.Ne2 Ba6 6.Ng3 O-O 7.e4 d6 8.Bd3 c5 9.d5
Nbd7 10.Bf4 Bxc3+ 11.bxc3 Ne5 12.Bxe5 dxe5 13.O-O Qc7 14.Qa4 Bc8 15.Rae1 Ne8
16.Qc2 g6 17.Qe2 Nd6 18.h4 Bd7 19.Qd2 Rae8 20.f4 exf4 21.Qxf4 e5 22.Qg5 Qd8
23.Rf6 h6 24.Rxg6+ fxg6 25.Qxg6+ Kh8 26.Qxh6+ Kg8 27.Nh5 Qe7 28.Re3 Rf4
29.Rg3+ Rg4 30.Nf6+ Kf7 31.Nxg4 {#r} 1-0

[Event "Ch Russia (w)"]
[Site "masterchessopen.com Elista (Russia)"]
[Round "3"]
[White "Grabuzova Tatiana (RUS)"]
[Black "Galianina-Ryjanova Julia (RUS)"]
[Result "1-0"]
[WhiteElo "2310"]
[BlackElo "2270"]

1.d4 Nf6 2.c4 e6 3.Nc3 Bb4 4.e3 b6 5.Ne2 Ba6 6.a3 Bxc3+ 7.Nxc3 d5 8.cxd5 Bxf1
9.Kxf1 exd5 10.g3 O-O 11.Kg2 c5 12.dxc5 bxc5 13.Qf3 Nc6 14.Rd1 Ne5 15.Qf5 Re8
16.e4 d4 17.Bg5 Qd7 18.Bxf6 Qxf5 19.exf5 dxc3 20.Bxe5 Rxe5 21.bxc3 Rxf5
22.Rab1 g6 23.Rb7 Re8 24.Rd2 Re1 25.Rxa7 Rc1 26.a4 Rxc3 27.Ra2 Rd3 28.a5 c4
29.a6 c3 30.Ra8+ Kg7 31.a7 c2 32.Rg8+ Kh6 33.Rxc2 {#r} 1-0

[Event "Bundesliga (2nd) 1997/98"]
[Site "masterchessopen.com Germany"]
[Round "0"]
[White "Puth Dieter (GER)"]
[Black "Hacker Christian (GER)"]
[Result "1-0"]
[WhiteElo "2300"]
[BlackElo "2084"]

1.d4 Nf6 2.c4 e6 3.Nc3 Bb4 4.e3 b6 5.Ne2 Ba6 6.a3 Be7 7.Nf4 d5 8.cxd5 Bxf1
9.Kxf1 Nxd5 10.Ncxd5 exd5 11.Qh5 c6 12.Ne6 g6 13.Qe5 f6 14.Qg3 Bd6 15.Nxd8
Bxg3 16.Nxc6 Nxc6 17.hxg3 f5 18.Bd2 Kd7 19.Ke2 Nd8 20.Rac1 Nf7 21.f3 h5 22.Kd3
Rhc8 23.Rxc8 Rxc8 24.Rh4 Rc6 25.g4 hxg4 26.fxg4 Rc8 27.gxf5 gxf5 28.g4 Ke6
29.a4 Rh8 30.gxf5+ Kxf5 31.Rf4+ Ke6 32.e4 Rh3+ 33.Kc2 dxe4 34.d5+ Ke7 35.Bb4+
Ke8 36.Rxe4+ Kd8 37.Re7 Ng5 38.Rxa7 Ne4 39.Rb7 Rh6 40.Kd3 Kc8 41.Re7 {#r} 1-0

[Event "It (open) \"]
[Site "masterchessopen.com Jyvaskyla (Finland)"]
[Round "7"]
[White "Heinimaki Leo (FIN)"]
[Black "Tolonen Leo (FIN)"]
[Result "0-1"]
[WhiteElo "2072"]
[BlackElo "2355"]

1.d4 Nf6 2.c4 e6 3.Nc3 Bb4 4.e3 b6 5.Ne2 Ba6 6.a3 Bxc3+ 7.Nxc3 d5 8.Qf3 c6
9.e4 dxe4 10.Qe3 O-O 11.Nxe4 Nbd7 12.Bd3 c5 13.dxc5 Ne5 14.Be2 Nxc4 15.Qf3 Nd7
16.Qg3 f5 17.Bh6 Qe7 18.Bg5 Qf7 19.Bxc4 Bxc4 20.Nd6 Qg6 21.Nxc4 f4 22.Bxf4
Qe4+ 23.Ne3 Nxc5 24.O-O Rxf4 25.Rac1 Rf6 26.Rc4 Qb7 27.b4 Rg6 28.Qd6 Ne4
29.Qc7 Qxc7 30.Rxc7 Nd6 31.Rd1 Nb5 32.Rcd7 Rf6 33.a4 Nc3 34.Ra1 Rf7 35.Rxf7
Kxf7 36.a5 b5 37.Kf1 Kf6 38.Rc1 Na2 39.Rc5 a6 40.Nc2 Rd8 41.Rc6 Rd1+ 42.Ke2
Rb1 43.Ke3 Rb3+ 44.Kd2 Rb2 45.Ke3 Ke7 46.Kd3 Rxc2 47.Rxc2 Nxb4+ 48.Kc3 Nxc2
49.Kxc2 Kd6 50.Kb3 Kc5 {#R} 0-1